[Event "4NCL Division 3 Central"]
[Site "Leamington Spa, ENG"]
[Date "2022.02.13"]
[Round "4.11"]
[White "Ashworth, Michael"]
[Black "Bullen, Alex"]
[Result "1-0"]
[WhiteElo "2194"]
[BlackElo "2053"]
[PlyCount "115"]
[EventDate "2022.02.13"]
[WhiteTeam "Wood Green Monarchs"]
[BlackTeam "West is Best 2"]

1. d4 Nf6 2. c4 e6 3. Nf3 d5 4. Nc3 Bb4 5. cxd5 exd5 6. Bg5 Nbd7 7. e3 c5 8.
Bxf6 Qxf6 9. Bb5 O-O 10. O-O Bxc3 11. bxc3 c4 12. Bxd7 Bxd7 13. Ne5 Qd6 14. Qc2
Be8 15. f4 f6 16. Nf3 Bh5 17. Nh4 Rfe8 18. Rae1 Qe6 19. Qf5 Qxf5 20. Nxf5 Bg6
21. Nd6 Re7 22. f5 Bf7 23. e4 dxe4 24. Rxe4 Rxe4 25. Nxe4 Bd5 26. Re1 Rd8 27.
Nd2 Kf7 28. Rb1 Ke7 29. Kf2 Kd6 30. Rb4 Rc8 31. Nf1 Rc7 32. Ne3 Bf7 33. Kf3 Bg8
34. g3 Bf7 35. Kf2 Bg8 36. Nc2 Kd5 37. Kf3 Kd6 38. Na3 Bd5+ 39. Kf2 a6 40. Rb6+
Kd7 41. Nc2 Kc8 42. Ne3 Rd7 43. a4 Bf7 44. Rb4 Rc7 45. Kf3 Kd7 46. Ke4 Kc6 47.
d5+ Kd6 48. Kd4 Rd7 49. Nxc4+ Kc7 50. Nb6 Rd6 51. a5 Rd8 52. Rc4+ Kd6 53. Rc8
Rxc8 54. Nxc8+ Kc7 55. Nb6 Bh5 56. Nc4 Bf3 57. Kc5 Be4 58. Nd6 1-0

[Event "4NCL Division 3 Central"]
[Site "Leamington Spa, ENG"]
[Date "2022.02.13"]
[Round "4.12"]
[White "Southcott-Moyers, Indy"]
[Black "Sygnowski, Tomasz"]
[Result "1/2-1/2"]
[WhiteElo "2019"]
[BlackElo "2143"]
[PlyCount "31"]
[EventDate "2022.02.13"]
[WhiteTeam "West is Best 2"]
[BlackTeam "Wood Green Monarchs"]

1. d4 d5 2. Nf3 Nf6 3. Bf4 c5 4. e3 Nc6 5. Nbd2 Bg4 6. c3 Nh5 7. Qb3 Nxf4 8.
exf4 c4 9. Qxb7 Bd7 10. Ne5 Nxe5 11. fxe5 e6 12. b3 Rb8 13. Qxa7 Qc8 14. bxc4
Ra8 15. Qb6 Rb8 16. Qa7 1/2-1/2

[Event "4NCL Division 3 Central"]
[Site "Leamington Spa, ENG"]
[Date "2022.02.13"]
[Round "4.13"]
[White "Larkin, Benjamin"]
[Black "Taylor, William J"]
[Result "1-0"]
[WhiteElo "1951"]
[BlackElo "1959"]
[PlyCount "65"]
[EventDate "2022.02.13"]
[WhiteTeam "Wood Green Monarchs"]
[BlackTeam "West is Best 2"]

1. Nf3 Nf6 2. g3 g6 3. Bg2 Bg7 4. O-O O-O 5. c4 d6 6. d4 c5 7. d5 e6 8. Nc3
exd5 9. cxd5 Na6 10. Nd2 Rb8 11. a4 b6 12. Nc4 Nc7 13. Bf4 Nfe8 14. Ne4 Ba6 15.
Ncxd6 Nxd6 16. Bxd6 Re8 17. Re1 Bxb2 18. Rb1 Bg7 19. Bf4 Qd7 20. Ng5 Be5 21.
Nh3 f5 22. d6 Bxf4 23. Nxf4 Na8 24. Qb3+ Kh8 25. Rbd1 Bb7 26. Qc3+ Kg8 27. Nd5
Re6 28. Nf6+ Rxf6 29. Qxf6 Bxg2 30. Kxg2 Re8 31. e4 fxe4 32. Qg5 Re6 33. Qd5
1-0

[Event "4NCL Division 3 Central"]
[Site "Leamington Spa, ENG"]
[Date "2022.02.13"]
[Round "4.14"]
[White "Freeland, Alex"]
[Black "Harrison, James"]
[Result "1-0"]
[WhiteElo "1984"]
[BlackElo "1879"]
[PlyCount "73"]
[EventDate "2022.02.13"]
[WhiteTeam "West is Best 2"]
[BlackTeam "Wood Green Monarchs"]

1. d4 d5 2. c4 c6 3. cxd5 cxd5 4. Nc3 Nf6 5. Bf4 Nc6 6. e3 Bg4 7. Qb3 Na5 8.
Qa4+ Bd7 9. Qc2 e6 10. Nf3 Be7 11. Bd3 Nc6 12. a3 Nh5 13. Be5 Nxe5 14. dxe5 g6
15. O-O Rc8 16. Nd4 a6 17. f4 Bc5 18. Qf2 Ng7 19. g4 Qc7 20. Rac1 h5 21. h3 h4
22. b4 Ba7 23. Nce2 Qb8 24. Nf3 Rxc1 25. Rxc1 Qd8 26. Ned4 Bb6 27. Kg2 Qe7 28.
Nb3 Bb5 29. Bxb5+ axb5 30. Rc8+ Bd8 31. Nbd4 Qd7 32. Qc2 O-O 33. Qc5 Ne8 34.
Rb8 b6 35. Qc8 Qxc8 36. Rxc8 Bc7 37. Nxb5 1-0

[Event "4NCL Division 3 Central"]
[Site "Leamington Spa, ENG"]
[Date "2022.02.13"]
[Round "4.15"]
[White "Mirza, Diana"]
[Black "Homer, Stephen J"]
[Result "1-0"]
[WhiteElo "1898"]
[BlackElo "1937"]
[PlyCount "55"]
[EventDate "2022.02.13"]
[WhiteTeam "Wood Green Monarchs"]
[BlackTeam "West is Best 2"]

1. d4 d5 2. Nf3 Nf6 3. e3 e6 4. Bd3 b6 5. Nbd2 Bb7 6. Ne5 Bd6 7. b3 O-O 8. Bb2
c5 9. O-O Ne4 10. f4 f6 11. Ng4 Nd7 12. Nxe4 dxe4 13. Bc4 Bd5 14. Bxd5 exd5 15.
dxc5 Bxc5 16. Qxd5+ Rf7 17. Rad1 Qe8 18. Rfe1 Rc8 19. Bd4 Bb4 20. Re2 Nc5 21.
Bxf6 Kh8 22. Bd4 Rd8 23. Bxg7+ Rxg7 24. Qxd8 Qxd8 25. Rxd8+ Rg8 26. Rxg8+ Kxg8
27. Nf6+ Kg7 28. Nd5 1-0

[Event "4NCL Division 3 Central"]
[Site "Leamington Spa, ENG"]
[Date "2022.02.13"]
[Round "4.16"]
[White "Jukes, Sam"]
[Black "Willow, Hambel M"]
[Result "0-1"]
[WhiteElo "1873"]
[BlackElo "1622"]
[PlyCount "59"]
[EventDate "2022.02.13"]
[WhiteTeam "West is Best 2"]
[BlackTeam "Wood Green Monarchs"]

1. e4 c6 2. d4 d5 3. Nc3 dxe4 4. f3 exf3 5. Nxf3 Bg4 6. Bc4 e6 7. O-O Nf6 8.
Ne2 Bd6 9. Qe1 Qc7 10. h3 Bf5 11. Bb3 h6 12. Qh4 Nbd7 13. a4 O-O-O 14. c4 g5
15. Qe1 c5 16. Be3 g4 17. hxg4 Nxg4 18. Nc3 a6 19. Rd1 Rdg8 20. Qe2 Nxe3 21.
Qxe3 Nf6 22. d5 Bh3 23. Nh4 Rg3 24. Qd2 Nh5 25. Bc2 Qe7 26. Ne4 Qxh4 27. Nxd6+
Kb8 28. Be4 Rhg8 29. Rf2 f5 30. Bf3 0-1

[Event "4NCL Division 3 Central"]
[Site "Leamington Spa, ENG"]
[Date "2022.02.13"]
[Round "4.21"]
[White "Davies, Matthew"]
[Black "Byron, Alan M"]
[Result "0-1"]
[WhiteElo "1901"]
[BlackElo "2180"]
[PlyCount "122"]
[EventDate "2022.02.13"]
[WhiteTeam "West is Best 3"]
[BlackTeam "The Rookies"]

1. d4 Nf6 2. c4 g6 3. Nc3 Bg7 4. e4 d6 5. Nf3 O-O 6. Be2 Na6 7. O-O e5 8. d5
Nc5 9. Bg5 h6 10. Bxf6 Bxf6 11. b4 Na6 12. a3 Bg4 13. Ne1 Bxe2 14. Qxe2 Qe7 15.
Nd3 Bg5 16. Ra2 f5 17. a4 Nb8 18. a5 Nd7 19. f3 a6 20. Rb1 Qd8 21. Nf2 Qb8 22.
Qd3 Qa7 23. Re1 Rae8 24. Kh1 Bh4 25. g3 Bg5 26. Kg2 Kg7 27. Nh3 Qd4 28. Rd1 Be3
29. Nf2 Nf6 30. Re2 Bxf2 31. Rxf2 fxe4 32. Qxd4 exf3+ 33. Rxf3 exd4 34. Rxd4 g5
35. h3 Re1 36. Rd1 Re5 37. Rb1 g4 38. hxg4 Nxg4 39. Rxf8 Ne3+ 40. Kf3 Kxf8 41.
Ne4 Nxc4 42. Rc1 b5 43. axb6 Nxb6 44. Rxc7 Nxd5 45. Ra7 Nxb4 46. Nxd6 Re6 47.
Nc4 Re7 48. Ra8+ Re8 49. Ra7 Re7 50. Ra8+ Kf7 51. g4 Re6 52. Ne3 Kf6 53. Rd8
Nc6 54. Rh8 Ne5+ 55. Kf2 Kg5 56. Rg8+ Rg6 57. Rd8 Nxg4+ 58. Nxg4 Kxg4 59. Kg2
Kf4+ 60. Kh3 Ke5 61. Kh4 Rd6 0-1

[Event "4NCL Division 3 Central"]
[Site "Leamington Spa, ENG"]
[Date "2022.02.13"]
[Round "4.22"]
[White "Burrows, Martin P"]
[Black "Smith, Steve"]
[Result "1-0"]
[WhiteElo "2105"]
[BlackElo "1823"]
[PlyCount "113"]
[EventDate "2022.02.13"]
[WhiteTeam "The Rookies"]
[BlackTeam "West is Best 3"]

1. e4 e5 2. Nf3 Nc6 3. Bb5 a6 4. Ba4 Nf6 5. O-O Be7 6. Re1 b5 7. Bb3 d6 8. c3
O-O 9. h3 Bb7 10. d4 Re8 11. Nbd2 Bf8 12. d5 Nb8 13. Nf1 c6 14. dxc6 Bxc6 15.
Bg5 Nbd7 16. Ne3 Bxe4 17. Nd5 Bf5 18. a4 Be6 19. axb5 axb5 20. Rxa8 Qxa8 21.
Nc7 Bxb3 22. Qxb3 Nc5 23. Qc2 Qc6 24. Nxe8 Nxe8 25. Ra1 Nc7 26. Qf5 N7e6 27.
Ra7 f6 28. b4 Qe4 29. Qxe4 Nxe4 30. Bd2 d5 31. Be1 Nf4 32. Kf1 Nd3 33. Rc7 Nxe1
34. Nxe1 d4 35. cxd4 Bxb4 36. Nd3 Bd6 37. Rc8+ Kf7 38. dxe5 fxe5 39. f3 Nf6 40.
Rc6 Ke6 41. Rb6 Ke7 42. Rb7+ Kf8 43. Rxb5 e4 44. fxe4 Nxe4 45. g4 g6 46. Kg2
Nf6 47. Kf3 Ke7 48. Nf4 Bxf4 49. Kxf4 h6 50. g5 Nh5+ 51. Kg4 hxg5 52. Kxg5 Kf7
53. h4 Ng7 54. Rb7+ Kg8 55. Kxg6 Ne6 56. Rb8+ Nf8+ 57. Kf6 1-0

[Event "4NCL Division 3 Central"]
[Site "Leamington Spa, ENG"]
[Date "2022.02.13"]
[Round "4.23"]
[White "Turner, Lewis A"]
[Black "Okhai, Shabir"]
[Result "1-0"]
[WhiteElo "1861"]
[BlackElo "2128"]
[PlyCount "70"]
[EventDate "2022.02.13"]
[WhiteTeam "West is Best 3"]
[BlackTeam "The Rookies"]

1. d4 Nf6 2. c4 g6 3. Nc3 d5 4. Nf3 Bg7 5. Qb3 dxc4 6. Qxc4 O-O 7. e4 Nc6 8.
Be2 e5 9. d5 Nd4 10. Nxd4 exd4 11. Qxd4 c6 12. Qc4 b5 13. Qc5 a5 14. dxc6 b4
15. Na4 Nxe4 16. Qb6 Bd4 17. Qxd8 Bxf2+ 18. Kf1 Rxd8 19. g4 Ba7 20. Kg2 Be6 21.
c7 Rd7 22. Bf3 f5 23. Bf4 g5 24. Rhd1 Rf8 25. Rxd7 Bxd7 26. Rd1 Bc8 27. Be5 Kf7
28. Rd8 Re8 29. gxf5 Rxe5 30. Rxc8 Nd6 31. Rd8 Re7 32. Rxd6 Rxc7 33. Bd5+ Ke7
34. Re6+ Kd8 35. Bc6 Bg1 1-0

[Event "4NCL Division 3 Central"]
[Site "Leamington Spa, ENG"]
[Date "2022.02.13"]
[Round "4.24"]
[White "Agnew, Alan"]
[Black "Saunders, Aron"]
[Result "1-0"]
[WhiteElo "2051"]
[BlackElo "1757"]
[PlyCount "61"]
[EventDate "2022.02.13"]
[WhiteTeam "The Rookies"]
[BlackTeam "West is Best 3"]

1. d4 d5 2. c4 c6 3. Nf3 Nf6 4. Qb3 e6 5. Nc3 Be7 6. Bg5 O-O 7. e3 Nbd7 8. cxd5
exd5 9. Be2 h6 10. Bxf6 Nxf6 11. O-O Bd6 12. Qc2 Re8 13. Rab1 Qe7 14. a3 Bg4
15. Rfc1 a5 16. Qd1 Rad8 17. g3 Qe6 18. b4 Qf5 19. Nh4 Qg5 20. bxa5 Re7 21. Qd3
g6 22. Nd1 Rde8 23. Rb3 Ne4 24. Bxg4 Nxf2 25. Kxf2 Qxg4 26. Kg2 Re6 27. Rxb7
Rf6 28. Nf2 Rxf2+ 29. Kxf2 Re6 30. Kg2 Rf6 31. Rf1 1-0

[Event "4NCL Division 3 Central"]
[Site "Leamington Spa, ENG"]
[Date "2022.02.13"]
[Round "4.25"]
[White "Di-Vetta, Andrew"]
[Black "Jaszkiwskyj, Peter"]
[Result "1-0"]
[WhiteElo "1715"]
[BlackElo "1895"]
[PlyCount "89"]
[EventDate "2022.02.13"]
[WhiteTeam "West is Best 3"]
[BlackTeam "The Rookies"]

1. Nf3 Nf6 2. c4 e6 3. g3 d5 4. cxd5 exd5 5. Bg2 Bd6 6. O-O O-O 7. Nc3 c6 8. d3
Re8 9. Qc2 Nbd7 10. Rd1 Ne5 11. Nh4 Bg4 12. h3 Be6 13. e4 dxe4 14. dxe4 Qc7 15.
Be3 Nc4 16. Bd4 Be5 17. Ne2 Rad8 18. Nf3 Bxd4 19. Nfxd4 Nb6 20. Nxe6 Rxe6 21.
Rxd8+ Qxd8 22. Rd1 Rd6 23. Nc3 Rxd1+ 24. Qxd1 Qxd1+ 25. Nxd1 Kf8 26. b3 Ke7 27.
f4 Ke6 28. g4 Nbd7 29. Kf2 Nc5 30. Ke3 Na6 31. a3 Nc5 32. b4 Na4 33. Kd4 h6 34.
Ne3 g6 35. e5 Ne8 36. f5+ gxf5 37. gxf5+ Kd7 38. Bf3 Nc7 39. Be2 Nb6 40. Ng4
Nbd5 41. Nxh6 Nf4 42. Bg4 Ke8 43. Ke4 Nfd5 44. Bh5 Nc3+ 45. Kd3 1-0

[Event "4NCL Division 3 Central"]
[Site "Leamington Spa, ENG"]
[Date "2022.02.13"]
[Round "4.26"]
[White "Gibson, Christopher A"]
[Black "Hill, Charlie"]
[Result "1-0"]
[WhiteElo "1864"]
[BlackElo "1658"]
[PlyCount "49"]
[EventDate "2022.02.13"]
[WhiteTeam "The Rookies"]
[BlackTeam "West is Best 3"]

1. e4 c5 2. c3 Nf6 3. e5 Nd5 4. d4 cxd4 5. cxd4 d6 6. Nf3 Nc6 7. Bc4 Nb6 8. Bb3
Na5 9. O-O Bg4 10. Bxf7+ Kxf7 11. Ng5+ Ke8 12. Qxg4 Qc8 13. e6 Qc2 14. Nf7 Rg8
15. Qh5 d5 16. Nc3 g5 17. Nb5 Bg7 18. Ne5+ Kd8 19. Qf7 Re8 20. Qxg7 a6 21. Nf7+
Kc8 22. Nbd6+ exd6 23. Nxd6+ Kd8 24. Bxg5+ Re7 25. Qxe7# 1-0

[Event "4NCL Division 3 Central"]
[Site "Leamington Spa, ENG"]
[Date "2022.02.13"]
[Round "4.31"]
[White "Pal, Rohan"]
[Black "Brackmann, Hendrik"]
[Result "0-1"]
[WhiteElo "1976"]
[BlackElo "2077"]
[PlyCount "66"]
[EventDate "2022.02.13"]
[WhiteTeam "Warwickshire Select 2"]
[BlackTeam "Oxford 2"]

1. e4 c5 2. Nf3 Nc6 3. Bb5 e5 4. O-O Bd6 5. c3 a6 6. Ba4 b5 7. Bc2 Nge7 8. d4
cxd4 9. cxd4 Nxd4 10. Nxd4 exd4 11. Qxd4 Qc7 12. h3 Bb7 13. Bb3 O-O 14. Bg5 Be5
15. Qd2 Ng6 16. f4 h6 17. f5 hxg5 18. fxg6 Qb6+ 19. Kh1 Qxg6 20. Qxd7 Qxe4 21.
Bxf7+ Kh8 22. Qd2 Qxg2+ 23. Qxg2 Bxg2+ 24. Kxg2 Bxb2 25. h4 gxh4 26. Nc3 Bxa1
27. Ne4 Bf6 28. Bd5 Rad8 29. Rf5 g6 30. Rxf6 Rxf6 31. Nxf6 Kg7 32. Bb7 Kxf6 33.
Bxa6 Rb8 0-1

[Event "4NCL Division 3 Central"]
[Site "Leamington Spa, ENG"]
[Date "2022.02.13"]
[Round "4.32"]
[White "Wilson, Edgar"]
[Black "Sandhu, Manvith"]
[Result "0-1"]
[WhiteElo "1990"]
[BlackElo "1931"]
[PlyCount "72"]
[EventDate "2022.02.13"]
[WhiteTeam "Oxford 2"]
[BlackTeam "Warwickshire Select 2"]

1. e4 c5 2. Nf3 e6 3. d4 cxd4 4. Nxd4 a6 5. Nc3 Qc7 6. Be2 Nf6 7. O-O Be7 8.
Be3 O-O 9. f4 d6 10. Qe1 b5 11. a3 Bb7 12. Bf3 Nbd7 13. Rd1 Rfe8 14. Qg3 Rab8
15. Kh1 Ba8 16. e5 dxe5 17. fxe5 Nxe5 18. Bf4 Bd6 19. Bxa8 Nh5 20. Qe1 Nxf4 21.
Be4 Nfg6 22. g3 Nc4 23. b3 Nxa3 24. Nce2 b4 25. Qf2 Rf8 26. Bd3 Bc5 27. Qg2 Nb5
28. Nxb5 axb5 29. Ra1 Ne5 30. Be4 Ng4 31. Qf3 f5 32. Bd3 Rf6 33. Nf4 Rh6 34. h4
g5 35. Ng2 gxh4 36. Nxh4 Rxh4+ 0-1

[Event "4NCL Division 3 Central"]
[Site "Leamington Spa, ENG"]
[Date "2022.02.13"]
[Round "4.33"]
[White "Dicen, Imogen"]
[Black "Matta, Francesca"]
[Result "0-1"]
[WhiteElo "1886"]
[BlackElo "1938"]
[PlyCount "86"]
[EventDate "2022.02.13"]
[WhiteTeam "Warwickshire Select 2"]
[BlackTeam "Oxford 2"]

1. e4 c5 2. Nc3 a6 3. a4 Nc6 4. g3 g6 5. Bg2 Bg7 6. Nge2 e6 7. d3 b6 8. O-O
Nge7 9. Nf4 O-O 10. Rb1 Bb7 11. Nce2 b5 12. axb5 axb5 13. Be3 d6 14. c3 Ne5 15.
h3 Qc7 16. Qd2 d5 17. f3 Rfd8 18. b3 dxe4 19. fxe4 Nxd3 20. Nxd3 c4 21. bxc4
bxc4 22. Bb6 Rxd3 23. Qe1 Qd7 24. Qf2 Nc6 25. Bd4 Nxd4 26. cxd4 Ra2 27. e5 Rb3
28. Kh2 Bh6 29. Bxb7 Qxb7 30. Rbe1 Rbb2 31. h4 c3 32. Kh3 Qc7 33. Qf3 Rxe2 34.
Rxe2 Rxe2 35. Qxe2 c2 36. Qb5 c1=Q 37. Rxc1 Qxc1 38. Qe8+ Bf8 39. Qd8 Qf1+ 40.
Kh2 h5 41. Qb6 Bh6 42. Qb8+ Kh7 43. g4 Bf4# 0-1

[Event "4NCL Division 3 Central"]
[Site "Leamington Spa, ENG"]
[Date "2022.02.13"]
[Round "4.34"]
[White "Terry, Sean"]
[Black "Dicen, Elis Denele"]
[Result "0-1"]
[WhiteElo "1931"]
[BlackElo "1895"]
[PlyCount "60"]
[EventDate "2022.02.13"]
[WhiteTeam "Oxford 2"]
[BlackTeam "Warwickshire Select 2"]

1. d4 d5 2. Nf3 Nf6 3. g3 b5 4. a4 b4 5. c3 bxc3 6. Nxc3 e6 7. Bg2 Be7 8. O-O
O-O 9. Bf4 c5 10. dxc5 Bxc5 11. Qc2 Qe7 12. e4 dxe4 13. Ng5 Nbd7 14. Ncxe4 Ba6
15. Nxc5 Nxc5 16. Rfd1 Rad8 17. Be5 Bd3 18. Rxd3 Nxd3 19. Bc3 h6 20. Nf3 Nb4
21. Qb3 Nfd5 22. Be1 Rb8 23. Rc1 Rfc8 24. Rxc8+ Rxc8 25. Bc3 Nxc3 26. bxc3 Nd5
27. Nd4 Rxc3 28. Qb8+ Kh7 29. Nb5 Rc1+ 30. Bf1 Qb4 0-1

[Event "4NCL Division 3 Central"]
[Site "Leamington Spa, ENG"]
[Date "2022.02.13"]
[Round "4.35"]
[White "Chen, Daniel Xingyu"]
[Black "Waterfield, Mark"]
[Result "1/2-1/2"]
[WhiteElo "1833"]
[BlackElo "1818"]
[PlyCount "164"]
[EventDate "2022.02.13"]
[WhiteTeam "Warwickshire Select 2"]
[BlackTeam "Oxford 2"]

1. e4 e6 2. d3 c5 3. Nf3 Nc6 4. Nbd2 d5 5. g3 Nf6 6. Bg2 g6 7. O-O Bg7 8. Re1
O-O 9. Rb1 a5 10. exd5 exd5 11. Nf1 h6 12. d4 cxd4 13. Nxd4 Nxd4 14. Qxd4 Bf5
15. Ne3 Ng4 16. Qxd5 Qxd5 17. Bxd5 Nxe3 18. Bxe3 Rac8 19. Re2 b5 20. Rc1 b4 21.
b3 Rc3 22. Bb6 Rb8 23. Ba7 Rd8 24. Bc4 Bf6 25. Bb6 Ra8 26. Be3 h5 27. h4 Rd8
28. Bb6 Ra8 29. Be3 Rd8 30. Bg5 Bxg5 31. hxg5 Kf8 32. Re5 Rxc2 33. Rxc2 Bxc2
34. Rxa5 Rd1+ 35. Kg2 Be4+ 36. f3 Rd2+ 37. Kf1 Bxf3 38. Ra7 Bd5 39. Bxd5 Rxd5
40. Rb7 Rd4 41. Ke2 Rg4 42. Kf3 Ke8 43. Kf2 Kf8 44. Kf3 Ke8 45. Kf2 h4 46. gxh4
Rxh4 47. Kf3 Rd4 48. Kg3 Re4 49. Kf3 Rd4 50. Kg3 Kf8 51. Kf3 Kg8 52. Rc7 Kf8
53. Rb7 Ke8 54. Ke3 Rg4 55. Kf3 Rh4 56. Kg3 Rd4 57. Kf3 Kf8 58. Ra7 Ke8 59. Rb7
Kf8 60. Ke3 Rh4 61. Kf3 Kg7 62. Kg3 Rd4 63. Kf3 Kg8 64. Rb8+ Kh7 65. Rb7 Kg7
66. Ke3 Rg4 67. Kf3 Rh4 68. Kg3 Rd4 69. Kf3 Kf8 70. Kg3 Ke8 71. Kf3 Kf8 72. Kg3
Ke8 73. Kf3 Rh4 74. Kg3 Re4 75. Kf3 Rd4 76. Ra7 Rd5 77. Kf4 Rf5+ 78. Kg4 Rd5
79. Kf4 Rf5+ 80. Kg4 Rb5 81. Kf3 Rf5+ 82. Kg4 Rd5 1/2-1/2

[Event "4NCL Division 3 Central"]
[Site "Leamington Spa, ENG"]
[Date "2022.02.13"]
[Round "4.36"]
[White "Foster, Timothy"]
[Black "Fellowes, Billy"]
[Result "1/2-1/2"]
[WhiteElo "1872"]
[BlackElo "1596"]
[PlyCount "79"]
[EventDate "2022.02.13"]
[WhiteTeam "Oxford 2"]
[BlackTeam "Warwickshire Select 2"]

1. Nf3 d5 2. g3 Nc6 3. Bg2 e5 4. d3 Nf6 5. O-O Bf5 6. Nc3 h6 7. Nh4 Be6 8. e4
Bg4 9. f3 Bc5+ 10. Kh1 Be6 11. f4 dxe4 12. f5 Bd5 13. Nxd5 Qxd5 14. dxe4 Qxd1
15. Rxd1 Ng4 16. Rd5 Rd8 17. Rxd8+ Kxd8 18. h3 Nf2+ 19. Kh2 Ke7 20. Bd2 Rd8 21.
Bc3 Rd1 22. Rxd1 Nxd1 23. Bf1 Bd4 24. Bd2 Bxb2 25. Kg2 Nc3 26. Bxc3 Bxc3 27.
Bc4 Nb4 28. Bb3 b5 29. a3 Na6 30. Kf3 b4 31. axb4 Nxb4 32. Ng2 Nc6 33. Bd5 Nd4+
34. Ke3 Nxc2+ 35. Kd3 Ne1+ 36. Nxe1 Bxe1 37. g4 f6 38. Kc4 Kd6 39. Kb5 a5 40.
Bb3 1/2-1/2

[Event "4NCL Division 3 Central"]
[Site "Leamington Spa, ENG"]
[Date "2022.02.13"]
[Round "4.41"]
[White "Mossong, Hubert"]
[Black "Richmond, Peter"]
[Result "1-0"]
[WhiteElo "2028"]
[BlackElo "2058"]
[PlyCount "91"]
[EventDate "2022.02.13"]
[WhiteTeam "Ashfield 1"]
[BlackTeam "The Full Ponty"]

1. e4 c6 2. d4 d5 3. e5 c5 4. dxc5 Nc6 5. Bf4 e6 6. Nf3 Bxc5 7. Bd3 Bd7 8. O-O
Nge7 9. c3 a5 10. Nbd2 Ng6 11. Bg3 a4 12. Qc2 f5 13. h4 h5 14. Rfe1 O-O 15. Ng5
Be7 16. Ndf3 Rc8 17. Qe2 Nh8 18. Bf4 g6 19. Rac1 Nf7 20. Red1 Na5 21. c4 Nxg5
22. Bxg5 dxc4 23. Bxc4 Nxc4 24. Rxc4 Bxg5 25. Nxg5 Qe7 26. Rcd4 Rc7 27. Rd6 Bc8
28. Qd2 Rc4 29. g3 b5 30. f4 Re8 31. Qf2 b4 32. Qb6 Qc7 33. Qxc7 Rxc7 34. R6d4
Bb7 35. Rxb4 Bd5 36. Rd2 Bxa2 37. Rxa4 Bd5 38. Kf2 Kf8 39. Rb4 Ke7 40. Nh7 Rec8
41. Nf6 Ba8 42. Rbd4 Bc6 43. Rd6 Bb5 44. Rb6 Rc5 45. Ke3 R8c7 46. Rdd6 1-0

[Event "4NCL Division 3 Central"]
[Site "Leamington Spa, ENG"]
[Date "2022.02.13"]
[Round "4.42"]
[White "Adams, Mark"]
[Black "Gogia, Armaan"]
[Result "0-1"]
[WhiteElo "2017"]
[BlackElo "1917"]
[PlyCount "106"]
[EventDate "2022.02.13"]
[WhiteTeam "The Full Ponty"]
[BlackTeam "Ashfield 1"]

1. e4 c5 2. Nf3 d6 3. d4 cxd4 4. Nxd4 Nf6 5. f3 e5 6. Nb3 Be6 7. c4 b5 8. cxb5
d5 9. exd5 Nxd5 10. Bd2 Nd7 11. Nc3 N7b6 12. Be2 Qh4+ 13. g3 Qh3 14. Bf1 Qf5
15. Be2 Rd8 16. Qb1 Qh3 17. Qe4 Bd6 18. O-O-O O-O 19. Qh4 Qf5 20. g4 Qg6 21.
Qh5 Qxh5 22. gxh5 Nb4 23. Kb1 Bf5+ 24. Ne4 Be7 25. Bc3 f6 26. Rxd8 Rxd8 27. Rd1
N4d5 28. Na5 Kf8 29. Be1 Rc8 30. Rc1 Nf4 31. Rxc8+ Nxc8 32. Bc4 Nd6 33. Bf2
Nxe4 34. fxe4 Bxe4+ 35. Kc1 Nd3+ 36. Bxd3 Bxd3 37. Nc6 Bxb5 38. Nxe7 Kxe7 39.
Bxa7 f5 40. h6 gxh6 41. Kd2 Kd6 42. b3 Kd5 43. a4 Bc6 44. Ke3 f4+ 45. Kf3 h5
46. a5 Ke6+ 47. Kf2 Kf5 48. b4 e4 49. Bc5 Bb5 50. Bd4 e3+ 51. Bxe3 fxe3+ 52.
Kxe3 Ke5 53. Kf3 Kd4 0-1

[Event "4NCL Division 3 Central"]
[Site "Leamington Spa, ENG"]
[Date "2022.02.13"]
[Round "4.43"]
[White "Truman, Richard G"]
[Black "Perrett, David C"]
[Result "1-0"]
[WhiteElo "1897"]
[BlackElo "2029"]
[PlyCount "65"]
[EventDate "2022.02.13"]
[WhiteTeam "Ashfield 1"]
[BlackTeam "The Full Ponty"]

1. d4 f5 2. Bg5 g6 3. Nd2 Bg7 4. e3 d6 5. Bd3 Nf6 6. h4 e5 7. h5 e4 8. Bc4 c6
9. Ne2 d5 10. Bb3 h6 11. Bxf6 Qxf6 12. hxg6 Qxg6 13. Nf4 Qf7 14. c4 Be6 15. Qh5
Kd7 16. cxd5 cxd5 17. Qxf7+ Bxf7 18. Nxd5 Nc6 19. Nf4 Bxb3 20. Nxb3 Nb4 21. Kd2
b6 22. a3 Nc6 23. Rac1 a5 24. Ke2 Rac8 25. Nd2 Bf6 26. Nc4 Bd8 27. d5 Na7 28.
Ne5+ Ke8 29. d6 Rxc1 30. Rxc1 Rg8 31. Nfg6 Bf6 32. Rc7 Rg7 33. d7+ 1-0

[Event "4NCL Division 3 Central"]
[Site "Leamington Spa, ENG"]
[Date "2022.02.13"]
[Round "4.44"]
[White "Davies, Peter"]
[Black "Stevens, Andrew"]
[Result "1-0"]
[WhiteElo "1968"]
[BlackElo "1950"]
[PlyCount "79"]
[EventDate "2022.02.13"]
[WhiteTeam "The Full Ponty"]
[BlackTeam "Ashfield 1"]

1. d4 d5 2. c4 e6 3. g3 Nf6 4. Bg2 Bb4+ 5. Bd2 Bd6 6. Nf3 Nbd7 7. O-O O-O 8.
Nc3 c6 9. Bf4 Bxf4 10. gxf4 dxc4 11. e4 b5 12. Ne5 Bb7 13. Qd2 Nb6 14. Rfd1 Qc7
15. Qe3 a6 16. a4 Nfd7 17. a5 Nc8 18. Nxd7 Qxd7 19. d5 Qe7 20. dxe6 fxe6 21. e5
Qf7 22. Ne4 Ne7 23. Rd7 Bc8 24. Nd6 Bxd7 25. Nxf7 Rxf7 26. Qb6 Rff8 27. Rd1 Nd5
28. Bxd5 exd5 29. Qb7 Bg4 30. Rd2 Rfc8 31. Qe7 Re8 32. Qb7 Rab8 33. Qxc6 Bf3
34. e6 Rbc8 35. Qxa6 c3 36. bxc3 Rxc3 37. h4 Rc1+ 38. Kh2 Re1 39. f5 Be4 40.
Qc6 1-0

[Event "4NCL Division 3 Central"]
[Site "Leamington Spa, ENG"]
[Date "2022.02.13"]
[Round "4.45"]
[White "Combie, Alex B"]
[Black "Hughes, Anthony"]
[Result "1-0"]
[WhiteElo "1882"]
[BlackElo "1944"]
[PlyCount "105"]
[EventDate "2022.02.13"]
[WhiteTeam "Ashfield 1"]
[BlackTeam "The Full Ponty"]

1. d4 d5 2. c4 e6 3. Nf3 Nf6 4. g3 dxc4 5. Bg2 c5 6. O-O Nc6 7. dxc5 Qxd1 8.
Rxd1 Bxc5 9. Nbd2 c3 10. bxc3 O-O 11. Nb3 Bb6 12. Nfd4 Nd5 13. Nxc6 bxc6 14.
Ba3 Re8 15. c4 Ne7 16. Bxe7 Rxe7 17. Bxc6 Bb7 18. Bxb7 Rxb7 19. c5 Bd8 20. c6
Rc7 21. Rac1 Rac8 22. Rc4 Bf6 23. Rdc1 g6 24. e4 g5 25. f4 gxf4 26. gxf4 e5 27.
f5 Bg5 28. R1c2 Be3+ 29. Kg2 f6 30. Kf3 Bb6 31. Nc1 Rd8 32. R4c3 Bd4 33. Rc4
Bb6 34. Rg2+ Kf7 35. Rgc2 Rd1 36. R4c3 Bd4 37. Rb3 Rf1+ 38. Kg2 Rg1+ 39. Kh3
Re1 40. Rb7 Re3+ 41. Kg2 Bb6 42. Rxc7+ Bxc7 43. Nb3 Ke7 44. Nc5 Kd8 45. Kf1
Rf3+ 46. Ke1 Ba5+ 47. Kd1 Bb6 48. Ne6+ Kc8 49. Rg2 Rd3+ 50. Kc2 Rd6 51. Rg8+
Bd8 52. c7 Rc6+ 53. Kd3 1-0

[Event "4NCL Division 3 Central"]
[Site "Leamington Spa, ENG"]
[Date "2022.02.13"]
[Round "4.46"]
[White "Dixon, Chris"]
[Black "Levens, David G"]
[Result "0-1"]
[WhiteElo "1822"]
[BlackElo "1881"]
[PlyCount "114"]
[EventDate "2022.02.13"]
[WhiteTeam "The Full Ponty"]
[BlackTeam "Ashfield 1"]

1. Nf3 Nf6 2. g3 g6 3. Bg2 Bg7 4. O-O d5 5. d3 O-O 6. Nbd2 c5 7. e4 dxe4 8.
dxe4 Nc6 9. c3 Qc7 10. Qc2 b6 11. Re1 e5 12. Nc4 Ba6 13. Ne3 Rad8 14. Bf1 Bxf1
15. Nxf1 b5 16. Bg5 c4 17. Rad1 h6 18. Bxf6 Bxf6 19. Ne3 Ne7 20. Rxd8 Rxd8 21.
Rd1 Bg7 22. Rxd8+ Qxd8 23. Qd2 Qxd2 24. Nxd2 f5 25. f3 Kf7 26. Nb1 Ke6 27. a4
a6 28. axb5 axb5 29. Na3 f4 30. Nec2 Kd6 31. Nxb5+ Kc5 32. Nc7 Kc6 33. Na6 Kb6
34. Nab4 fxg3 35. hxg3 h5 36. Kf2 Nc6 37. Nxc6 Kxc6 38. Ne3 Kc5 39. Nd5 g5 40.
Kg2 Kb5 41. Ne3 Bf8 42. Kf1 Bc5 43. Ke2 h4 44. gxh4 gxh4 45. Ng4 Bd6 46. Kf1
Ka4 47. Kg2 Kb3 48. Ne3 Bc5 49. Nd5 Kxb2 50. Kh3 Bf2 51. f4 exf4 52. e5 f3 53.
e6 Bc5 54. e7 Bxe7 55. Nxe7 Kxc3 56. Nf5 Kd3 57. Nxh4 Ke2 0-1